Kırıp Dökmeden (Record no. 3800)

000 -LEADER
fixed length control field 00430nam a22001697a 4500
008 - FIXED-LENGTH DATA ELEMENTS--GENERAL INFORMATION
fixed length control field 190819b ||||| |||| 00| | eng d
020 ## - INTERNATIONAL STANDARD BOOK NUMBER
International Standard Book Number 9786054233427
041 ## - LANGUAGE CODE
Language code of text/sound track or separate title Türkçe
050 ## - LIBRARY OF CONGRESS CALL NUMBER
Classification number PL248.T364
100 ## - MAIN ENTRY--PERSONAL NAME
9 (RLIN) 357
Personal name Tamer, Ülkü
245 ## - TITLE STATEMENT
Title Kırıp Dökmeden
250 ## - EDITION STATEMENT
Edition statement 1.Baskı
260 ## - PUBLICATION, DISTRIBUTION, ETC.
Place of publication, distribution, etc. İstanbul:
Name of publisher, distributor, etc. İKÜ Yayınevi
Date of publication, distribution, etc. Ekim 2010
300 ## - PHYSICAL DESCRIPTION
Extent V, 114 Sayfa
Dimensions 23 cm
650 #0 - SUBJECT ADDED ENTRY--TOPICAL TERM
9 (RLIN) 145
Topical term or geographic name entry element Türk Edebiyatı
942 ## - ADDED ENTRY ELEMENTS (KOHA)
Source of classification or shelving scheme
Koha item type Books
Holdings
Withdrawn status Lost status Source of classification or shelving scheme Damaged status Not for loan Permanent Location Current Location Shelving location Date acquired Full call number Barcode Date last seen Price effective from Koha item type
        Ödünç verilemez İmren Ahmet Tüzün Kütüphanesi İmren Ahmet Tüzün Kütüphanesi Ahmet Tüzün 2019-08-19 PL248.T364 100100003964 2019-08-19 2019-08-19 Books

This software was implemented, installed and managed by Devinim Software Training Consulting .